| 000 | 00562 a2200181 4500 | ||
|---|---|---|---|
| 999 |
_c8286 _d8286 |
||
| 010 | _aENG-88380 | ||
| 020 |
_a9788120329973 _c350.00 |
||
| 035 | _aEN-71913 | ||
| 037 | _bDBAD / PUB | ||
| 082 | 1 | 4 | _a621.313 |
| 100 | 1 | _aBandyopadhyay, M.N. | |
| 245 | 1 |
_aElectrical machines: _cby M.N. Bandyopadhyay _btheory and practice/ |
|
| 260 |
_aNew Delhi _bPrentice-Hall of India _c2007 |
||
| 270 |
_aM-97, Connaught Circus, _bNew Delhi _e110 001 |
||
| 300 |
_axvi, 496p. _c24cm (pbk) |
||
| 500 | _aIncludes index | ||
| 942 |
_adpl _cEN _2ddc _h621.313 _mBAN |
||